<?xml version="1.0" encoding="UTF-8"?>
<record
    xmlns:xsi="http://www.w3.org/2001/XMLSchema-instance"
    xsi:schemaLocation="http://www.loc.gov/MARC21/slim http://www.loc.gov/standards/marcxml/schema/MARC21slim.xsd"
    xmlns="http://www.loc.gov/MARC21/slim">

  <leader>00318nam a22001457a 4500</leader>
  <controlfield tag="005">20260103154915.0</controlfield>
  <datafield tag="020" ind1=" " ind2=" ">
    <subfield code="a">085859708x</subfield>
  </datafield>
  <datafield tag="082" ind1=" " ind2=" ">
    <subfield code="a">540</subfield>
    <subfield code="b">540 CHE</subfield>
  </datafield>
  <datafield tag="245" ind1=" " ind2=" ">
    <subfield code="a">Chrmistry one</subfield>
  </datafield>
  <datafield tag="250" ind1=" " ind2=" ">
    <subfield code="a">2nd ed</subfield>
  </datafield>
  <datafield tag="260" ind1=" " ind2=" ">
    <subfield code="a">Victoria</subfield>
    <subfield code="b">Heinemann</subfield>
    <subfield code="c">1995</subfield>
  </datafield>
  <datafield tag="300" ind1=" " ind2=" ">
    <subfield code="a">358</subfield>
  </datafield>
  <datafield tag="490" ind1=" " ind2=" ">
    <subfield code="a">Heinemann chemisry in context</subfield>
  </datafield>
  <datafield tag="942" ind1=" " ind2=" ">
    <subfield code="c">BK</subfield>
  </datafield>
  <datafield tag="999" ind1=" " ind2=" ">
    <subfield code="c">5189</subfield>
    <subfield code="d">5189</subfield>
  </datafield>
  <datafield tag="952" ind1=" " ind2=" ">
    <subfield code="0">0</subfield>
    <subfield code="1">0</subfield>
    <subfield code="7">0</subfield>
    <subfield code="a">MLCampus</subfield>
    <subfield code="b">MLCampus</subfield>
    <subfield code="c">GEN</subfield>
    <subfield code="d">2025-12-23</subfield>
    <subfield code="e">Donation -Mr Ashvin Fernando</subfield>
    <subfield code="h">2nd ed</subfield>
    <subfield code="l">0</subfield>
    <subfield code="o">540 CHE</subfield>
    <subfield code="p">007715</subfield>
    <subfield code="r">2026-01-03 15:49:58</subfield>
    <subfield code="w">2026-01-03</subfield>
    <subfield code="y">BK</subfield>
  </datafield>
</record>
